00301nam a2200121Ia 4500008004100000100002800041245004600069260002200115300000800137650001000145942000700155999001700162190216s9999||||xx |||||||||||||| ||und|| aAshok Kumar Srivasthava 0aHindi-Rashtriyatha Darshan Aur Amipyathik bLokahit Prakashan a174 aHindi cBK c16363d16363